000 00412nam a2200157Ia 4500
008 210210b1992 xxu||||| |||| 00| 0 eng d
020 _a81 7238 005 4
082 _a363.73 MISE
100 _aMISRA (S G), Ed.
245 _aEnvironmental pollution:thermal.
260 _aN D
_bVenus Publishing House
_c1992
300 _axii,164
650 _aThermal pollution
690 _aSocial Problems
906 _a051561
999 _c100055
_d100055